书目信息 |
| 题名: |
工程热力学
|
|
| 作者: | 毕明树 , 冯殿义 , 马连湘 编 | |
| 分册: | ||
| 出版信息: | 北京 化学工业出版社 2008.01 |
|
| 页数: | 259页 | |
| 开本: | 26cm | |
| 丛书名: | ||
| 单 册: | ||
| 中图分类: | TK123 | |
| 科图分类: | ||
| 主题词: | 工程热力学--gong cheng re li xue--高等学校--教材 | |
| 电子资源: | ||
| ISBN: | 978-7-122-01525-9 | |
| 000 | 01042nam0 2200289 450 | |
| 001 | 012008267116 | |
| 005 | 20080512110728.82 | |
| 010 | @a978-7-122-01525-9@dCNY28.00 | |
| 100 | @a20080512d2008 em y0chiy0120 ea | |
| 101 | 0 | @achi |
| 102 | @aCN@b110000 | |
| 105 | @aak a 000yy | |
| 106 | @ar | |
| 200 | 1 | @a工程热力学@Agong cheng re li xue@f毕明树, 冯殿义, 马连湘编@Fbi ming shu,feng dian yi,ma lian xiang bian |
| 205 | @a第2版 | |
| 210 | @a北京@c化学工业出版社@d2008.01 | |
| 215 | @a259页@c图@d26cm | |
| 300 | @a普通高等教育“十一五”国家级规划教材 | |
| 320 | @a有书目 (第257页) | |
| 330 | @a本书的主要内容有热力学基本概念、热力学基本定律、工质热力学性质、工质热力学过程、节能热力学分析基础、热力学循环、溶液热力学与相平衡基础,热化学与化学平衡等。 | |
| 606 | 0 | @a工程热力学@Agong cheng re li xue@x高等学校@j教材 |
| 690 | @aTK123@v4 | |
| 701 | 0 | @a毕明树@Abi ming shu@4编 |
| 701 | 0 | @a冯殿义@Afeng dian yi@4编 |
| 701 | 0 | @a马连湘@Ama lian xiang@4编 |
| 801 | 0 | @aCN@bQSSK@c20080512 |
| 905 | @b710785-89@dTK123@eB760@f5 | |
| 工程热力学/毕明树, 冯殿义, 马连湘编.-第2版.-北京:化学工业出版社,2008.01 |
| 259页:图;26cm |
| 普通高等教育“十一五”国家级规划教材 |
| ISBN 978-7-122-01525-9:CNY28.00 |
| 本书的主要内容有热力学基本概念、热力学基本定律、工质热力学性质、工质热力学过程、节能热力学分析基础、热力学循环、溶液热力学与相平衡基础,热化学与化学平衡等。 |
| ● |
| 相关链接 |
|
|
|
正题名:工程热力学
索取号:TK123/B760
 
预约/预借
| 序号 | 登录号 | 条形码 | 馆藏地/架位号 | 状态 | 备注 |
| 1 | 710785 | 207107851 | 期刊室512/501自科库 135排9列4层/ [索取号:TK123/B760] | 在馆 | |
| 2 | 710786 | 207107860 | 自科库501/501自科库 136排1列2层/ [索取号:TK123/B760] | 在馆 | |
| 3 | 710787 | 207107879 | 自科库501/501自科库 136排1列2层/ [索取号:TK123/B760] | 在馆 | |
| 4 | 710788 | 207107888 | 能源与建筑环境工程学院资料室/201建筑库 29排1列1层/ [索取号:TK123/B760] | 在馆 | |
| 5 | 710789 | 207107897 | 期刊室512/501自科库 135排9列4层/ [索取号:TK123/B760] | 在馆 |